00610nam a2200169 a 450000100100000000500170001000800410002702000150006804000250008310000290010824500470013726000400018430000210022450400730024595201050031899900170042300004402520201002045112.0140513s1993 sp 000 0 spa d a8420696692 aDO-SdBNPbspacBNPHU1 aMaría, Julían97200313aLa estructura social /cJulían Marías. aMadrid :bAlianza Editorial,c1993. a423 p. ;c21 cm. aIncluye referencias bibliográficas y notas al pie de las páginas 001050718MOaGRbGRcCTd2014-05-13iLF1l0o p44025-10r2020-06-25w2020-06-25y1ZNo se presta c43514d43514